| 000 | 00761nam a2200241 a 4500 | ||
|---|---|---|---|
| 001 | 000026039 | ||
| 005 | 20200930024242.0 | ||
| 008 | 110217s1944 sp r 000 | spa d | ||
| 040 |
_aDO-SdBNP _bspa _cBNPHU |
||
| 082 |
_a843.5 _bV935c |
||
| 100 | 1 |
_aVoltaire _946917 |
|
| 245 | 1 | 0 |
_aCándido / _cVoltaire ; prólogo Joaquín del Moral Ruiz ; traducción Leandro Fernández de Morantín. |
| 246 | 2 | 3 | _aEl ingenuo |
| 260 |
_aBuenos Aires : _bNova, _c1944. |
||
| 300 |
_a102 p. ; _c20 cm. |
||
| 490 | 1 | _aMar Dulce | |
| 650 | 4 |
_aNovela francesa _91075 |
|
| 650 | 4 |
_aLiteratura francesa _91074 |
|
| 700 | 1 |
_aMoral Ruiz, Joaquín del, _epról _912826 |
|
| 700 | 1 |
_aFernández de Morantín , Leandro , _etr. _952977 |
|
| 830 | 0 |
_aMar Dulce _952974 |
|
| 049 | _aBNGR | ||
| 999 |
_c25531 _d25531 |
||